| 000 | 00457nam a2200145Ia 4500 | ||
|---|---|---|---|
| 008 | 221007s9999 xx 000 0 und d | ||
| 041 | _aeng | ||
| 082 | _bNEH | ||
| 100 |
_aNeha Dhaware - 2k171066 & Dr.Kamlakar Munde - Guide _9104974 |
||
| 245 | 3 | _aAn Exploratory Study On Promotional Strategies Of Mobile Network Carriers | |
| 260 |
_c2018 _bSavitribai Phule Pune University _aPune |
||
| 300 |
_a30p _cHard Bound |
||
| 440 | _v1 | ||
| 906 | _bReference Books | ||
| 999 |
_c78095 _d78095 |
||